000 01408nam a2200373 a 4500
003 OSt
005 20210818181623.0
008 160912s2016 ck gr 001 0 spa d
020 _a9789587222395
040 _bspa
_aCOMFC
_erda
041 _aspa
100 1 _aLondoño Villada, Claudia Mónica
_950309
_eaut
245 1 0 _aEvaluación o calificación en humanidades :
_bseis experiencias en contexto universitario /
_cClaudia Mónica Londoño Villada, Juan Camilo Rave Restrepo, Nancy Eugenia Cárdenas Ramírez [y otros].
250 _aÁlvaro Díaz Gómez, editor académico.
260 _aPereira :
_bEditorial Universidad Tecnológica de Pereira,
_c2016.
300 _a96 páginas ;
_c24 cm
336 _2rdacontent
_atxt
337 _2rdamedia
_an
338 _2rdacarrier
_anc
490 _aColección Textos Académicos
700 1 _aLondoño Villada, Claudia Mónica.
700 1 _aRave Restrepo, Juan Camilo.
700 1 _aCárdenas Ramírez, Nancy Eugenia.
700 1 _aÁngel Alzate, Victoria Eugenia,
_d1964-
700 1 _aMartínez Herrera, Juan Manuel.
700 1 _aDíaz Gómez, Álvaro,
082 0 4 _a370.112
_bL864e
650 4 _aEducación humanística.
650 4 _aConducta (Etica)
650 4 _aHumanismo.
650 4 _aEducación superior.
942 _2ddc
_h370.112 L864e
_k370.112
_mL864e
949 _a
999 _c11556
_d11556